[Event "POL-chT 2nd League"]
[Site "Jastrzebia Gora"]
[Date "2019.09.08"]
[Round "2.1"]
[White "Tymrakiewicz, Rafal"]
[Black "Czapla, Andrzej"]
[Result "1-0"]
[WhiteElo "2257"]
[BlackElo "1993"]
[PlyCount "79"]
[EventDate "2019.09.07"]
[EventType "team-swiss"]
[EventRounds "9"]
[EventCountry "POL"]
[SourceTitle "EXT 2020"]
[Source "ChessBase"]
[SourceDate "2019.10.17"]
[SourceVersion "1"]
[SourceVersionDate "2019.10.17"]
[SourceQuality "1"]
[WhiteTeam "Dabrowa Gornicza Zaglebie"]
[BlackTeam "Siedlce KSz Skoczek"]
[WhiteTeamCountry "POL"]
[BlackTeamCountry "POL"]

1. d4 Nf6 2. Bg5 d5 3. e3 c6 4. Bd3 Bg4 5. f3 Bh5 6. Ne2 Bg6 7. Nbc3 Nbd7 8. Nf4 Bxd3 9. Nxd3 h6 10. Bh4 Qb6 11. Na4 Qa5+ 12. c3 e6 13. b4 Qc7 14. Nac5 Bd6 15. Qe2 b6 16. Nxd7 Nxd7 17. f4 c5 18. 0-0 0-0 19. bxc5 bxc5 20. Ne5 Rab8 21. Qg4 f5 22. Qg6 Nf6 23. Rf3 Rb7 24. Raf1 Bxe5 25. fxe5 Ne4 26. Qxe6+ Qf7 27. Qxf7+ Rfxf7 28. e6 Rfc7 29. e7 Rxe7 30. Bxe7 Rxe7 31. Rxf5 Nxc3 32. dxc5 Rc7 33. Rf8+ Kh7 34. R1f7 Rxc5 35. Rxa7 Ne4 36. h3 Rc1+ 37. Rf1 Rc3 38. Rff7 Rxe3 39. Rxg7+ Kh8 40. Rge7 1-0

[Event "POL-chT 2nd League"]
[Site "Jastrzebia Gora"]
[Date "2018.09.06"]
[Round "6.105"]
[White "Czapla, Andrzej"]
[Black "Sielicki, Tomasz"]
[Result "1-0"]
[WhiteElo "1987"]
[BlackElo "1963"]
[PlyCount "57"]
[EventDate "2018.09.01"]
[EventType "team-swiss"]
[EventRounds "9"]
[EventCountry "POL"]
[SourceTitle "CBM 186 Extra"]
[Source "ChessBase"]
[SourceDate "2018.08.24"]
[SourceVersion "1"]
[SourceVersionDate "2018.08.24"]
[SourceQuality "1"]
[WhiteTeam "Siedlce KSz Skoczek"]
[BlackTeam "Warszawa Skoczek Trojanski"]
[WhiteTeamCountry "POL"]
[BlackTeamCountry "POL"]

1. Nf3 d5 2. c4 e6 3. d4 Nf6 4. Nc3 dxc4 5. e3 a6 6. a4 c5 7. Bxc4 Nc6 8. 0-0 Be7 9. dxc5 Qa5 10. Qe2 0-0 11. e4 Qxc5 12. Be3 Qh5 13. Rfd1 Na5 14. Bd3 Nb3 15. Rab1 Ng4 16. Bb6 Nc5 17. h3 Ne5 18. Nxe5 Qxe5 19. Bc2 Nd7 20. Bd4 Qc7 21. Rbc1 b6 22. e5 Bb7 23. Nd5 Qd8 24. Qe4 f5 25. Nxe7+ Qxe7 26. Qxb7 Rfd8 27. Bxb6 Qb4 28. Rxd7 Rxd7 29. Qxa8+ 1-0

[Event "POL-chT 2nd League"]
[Site "Jastrzebia Gora"]
[Date "2018.09.02"]
[Round "2.81"]
[White "Czapla, Andrzej"]
[Black "Kindler, Przemyslaw"]
[Result "0-1"]
[WhiteElo "1987"]
[BlackElo "2109"]
[PlyCount "78"]
[EventDate "2018.09.01"]
[EventType "team-swiss"]
[EventRounds "9"]
[EventCountry "POL"]
[SourceTitle "CBM 186 Extra"]
[Source "ChessBase"]
[SourceDate "2018.08.24"]
[SourceVersion "1"]
[SourceVersionDate "2018.08.24"]
[SourceQuality "1"]
[WhiteTeam "Siedlce KSz Skoczek"]
[BlackTeam "Gdansk Korona"]
[WhiteTeamCountry "POL"]
[BlackTeamCountry "POL"]

1. Nf3 d6 2. d4 Nf6 3. c4 Nbd7 4. Bf4 c6 5. Nc3 g6 6. h3 Bg7 7. e3 a6 8. Be2 b5 9. a3 0-0 10. 0-0 bxc4 11. Bxc4 c5 12. Qe2 Bb7 13. Rfd1 cxd4 14. exd4 Nb6 15. Ba2 Nbd5 16. Nxd5 Nxd5 17. Bd2 Qb6 18. Bxd5 Bxd5 19. Bc3 e6 20. Qe3 f5 21. Ne1 f4 22. Qd3 f3 23. Nxf3 Rxf3 24. gxf3 Rf8 25. Re1 Bh6 26. Re4 Qd8 27. Rae1 Qg5+ 28. Rg4 Qh5 29. Kg2 Bxf3+ 30. Qxf3 Rxf3 31. Kxf3 Qxh3+ 32. Rg3 Qf5+ 33. Ke2 Bf4 34. Rg2 h5 35. Reg1 g5 36. f3 h4 37. Rg4 h3 38. Rh1 Qc2+ 39. Kf1 Qd1+ 0-1

[Event "POL-chT 2nd League"]
[Site "Jastrzebia Gora"]
[Date "2015.09.06"]
[Round "2.82"]
[White "Czapla, Andrzej"]
[Black "Olesiak, Marcin"]
[Result "1/2-1/2"]
[WhiteElo "1930"]
[BlackElo "1971"]
[PlyCount "107"]
[EventDate "2015.09.05"]
[EventType "team-swiss"]
[EventRounds "9"]
[EventCountry "POL"]
[SourceTitle "EXT 2017"]
[Source "ChessBase"]
[SourceDate "2016.10.25"]
[SourceVersion "1"]
[SourceVersionDate "2016.10.25"]
[SourceQuality "1"]
[WhiteTeam "Siedlce KSz Skoczek"]
[BlackTeam "Nowy Sacz Sandecja"]
[WhiteTeamCountry "POL"]
[BlackTeamCountry "POL"]

1. Nf3 d5 2. c4 e6 3. d4 Nf6 4. Nc3 Be7 5. Bg5 0-0 6. e3 Nbd7 7. cxd5 exd5 8. Bd3 b6 9. 0-0 Bb7 10. Qc2 c5 11. Ne5 h6 12. Nxd7 Qxd7 13. Bf5 Qc6 14. Bh4 Rfe8 15. Rfd1 Rad8 16. Rac1 c4 17. Qa4 Qxa4 18. Nxa4 Bc6 19. Bc2 Ne4 20. Bxe7 Rxe7 21. Nc3 Nd6 22. a4 a6 23. b4 Bb7 24. Re1 Rde8 25. Re2 f5 26. Rce1 g5 27. f3 Kf7 28. Kf2 Kf6 29. h3 h5 30. g3 Kg7 31. Rh1 Rh8 32. Kg2 Rhe8 33. Rhe1 Kf6 34. Kf2 b5 35. a5 Rh8 36. h4 gxh4 37. gxh4 Rg8 38. Rg1 Reg7 39. Rxg7 Rxg7 40. Re1 Bc6 41. Rg1 Rxg1 42. Kxg1 Nb7 43. Kf2 Nd8 44. Kg3 Ne6 45. Ne2 Bb7 46. Kf2 Bc6 47. Ng3 Ng7 48. Ne2 Ne6 49. f4 Be8 50. Nc3 Nc7 51. Bd1 Bf7 52. Bf3 Ke6 53. Ne2 Ne8 54. Nc3 1/2-1/2

[Event "Mazowiec-chT 1415"]
[Site "Warsaw"]
[Date "2015.02.08"]
[Round "3.8"]
[White "Czapla, Andrzej"]
[Black "Sentowski, Sebastian"]
[Result "1/2-1/2"]
[WhiteElo "1891"]
[BlackElo "1615"]
[PlyCount "84"]
[EventDate "2015.01.11"]
[EventType "team-tourn"]
[EventRounds "7"]
[EventCountry "POL"]
[SourceTitle "EXT 2019"]
[Source "ChessBase"]
[SourceDate "2018.10.10"]
[SourceVersion "1"]
[SourceVersionDate "2018.10.10"]
[SourceQuality "1"]

1. Nf3 Nf6 2. c4 e6 3. g3 d5 4. Bg2 g6 5. 0-0 Bg7 6. d4 dxc4 7. Na3 0-0 8. Ne5 Nbd7 9. Naxc4 Nxe5 10. Nxe5 Nd7 11. Bf4 Nxe5 12. Bxe5 f6 13. Bf4 c6 14. Qd2 e5 15. dxe5 fxe5 16. Qxd8 Rxd8 17. Bg5 Rd4 18. Rfd1 Be6 19. b3 Kf7 20. Be3 Rxd1+ 21. Rxd1 Bf6 22. Kf1 Be7 23. Ke1 Bb4+ 24. Bd2 a5 25. Be4 Ke7 26. Bc2 Bxd2+ 27. Rxd2 Rd8 28. Rxd8 Kxd8 29. Kd2 b5 30. h4 Ke7 31. h5 Kf6 32. hxg6 hxg6 33. Be4 Bd5 34. Bxd5 cxd5 35. Kd3 Kf5 36. f3 g5 37. a4 bxa4 38. bxa4 g4 39. Ke3 gxf3 40. exf3 Kg5 41. f4+ exf4+ 42. gxf4+ Kf5 1/2-1/2